11 tips menjadi orang berjaya di dunia & akhirat

Bibliographic Details
Main Author: Ibnu Ibrahim
Format: Book
Published: Selangor : Pustaka Ilmi , 2000
Subjects:

MARC

LEADER 00000cam a2200000 7i4500
001 0000013399
005 20080114.0
008 080114
020 |a 9830982246 
090 0 0 |a 297.2   |b IBN 
100 0 |a Ibnu Ibrahim 
245 1 0 |a 11 tips menjadi orang berjaya di dunia & akhirat   |c Pengarang Ibnu Ibrahim 
246 0 |a Sebelas tips menjadi orang berjaya di dunia & akhirat 
260 |a Selangor :   |b Pustaka Ilmi ,   |c 2000 
650 0 |a Islam   |x Doctrines 
740 0 |a Sebelas tips menjadi oarng berjaya di dunia & akhirat 
999 |a 0001008878   |b Book   |c Adult Collection   |e Perbadanan Perpustakaan Awam Johor 
999 |a 0001008879   |b Book   |c Adult Collection   |e Perbadanan Perpustakaan Awam Johor 
999 |a 0001008880   |b Book   |c Adult Collection   |e Perbadanan Perpustakaan Awam Johor